01237nam a2200289 a 450000100060000000300080000600500170001400800410003103500190007203500270009104000270011804100080014508200210015310000200017424501300019424601280032426000650045230000390051750000290055650400540058565000510063965000560069065000390074665100540078565100520083971000560089134353BD-RjUL20211209052139.0140515s1984 bg ab b 000 0 eng d a(BD-RjUL)34447 a(CStRLIN)NYCXAHK8289-B aNICcNICbengdBD-RjUL aeng a301.24bCHW 19841 aChisholm, N. G.10aWhose rural development? :bsocio-economic change in DTW pumpgroups in Bogra District, northwest Bangladesh /cNick Chisholm.14aWhose rural development? :bsocio-economic change in DTW (deep tubewell) pumpgroups in Bogra District, northwest Bangladesh aDhaka :bSwedish International Development Authority,c1984. axv, 206 p. :bill., maps ;c30 cm. aStudy initiated by SIDA. aIncludes bibliographical references (p. 203-206). 0aRural developmentzBangladeshzBogra District. 0aIrrigationzBangladeshzBogra DistrictxManagement. 0aWellszBangladeshzBogra District. 0aBogra District (Bangladesh)xEconomic conditions. 0aBogra District (Bangladesh)xSocial conditions.1 aSweden.bStyrelsen för internationell utveckling.